| 000 | 008530000a22002050004500 | ||
|---|---|---|---|
| 082 | 0 | 4 | _aG 234.9 R8841b |
| 100 | 1 | _aRowley, H. H. | |
| 245 | 1 | 0 | _aThe biblical doctrine of election / H. H. Rowley |
| 260 | _aLondon : Lutterworth Press | ||
| 300 | _a184 páginas | ||
| 500 | _aIncluye índices (p. 175-184) | ||
| 501 | _aPasta dura | ||
| 505 | 0 | 0 | _aLa doctrina bíblica de la elección - La elección de Israel - Los corolarios de la elección de Israel - La limitación y la ampliación de la elección de Israel -La elección de los individuos - Elección sin pacto - Los herederos de la elección |
| 650 | 1 | 4 | _aJudíos - Doctrina de la elección \ Israel \ Predestinación \ Religión cristiana |
| 001 | 19254 | ||
| 942 | _cBK | ||
| 999 |
_c45625 _d45625 |
||
| 336 |
_atexto _btxt _2rdacontent |
||
| 337 |
_2rdamedia _asin mediación _bn |
||
| 338 |
_2rdacarrier _avolumen _bnc |
||